Managing cultural differences, fifth edition : (Record no. 345014)
[ view plain ]
| 000 -LEADER | |
|---|---|
| fixed length control field | 02213 a2200217 4500 |
| 020 ## - INTERNATIONAL STANDARD BOOK NUMBER | |
| International Standard Book Number | 0877193452 |
| 020 ## - INTERNATIONAL STANDARD BOOK NUMBER | |
| International Standard Book Number | 9780877193456 |
| 082 04 - DEWEY DECIMAL CLASSIFICATION NUMBER | |
| Classification number | 658.18 |
| 090 ## - LOCALLY ASSIGNED LC-TYPE CALL NUMBER (OCLC); LOCAL CALL NUMBER (RLIN) | |
| -- | 2519 |
| -- | 2519 |
| 100 1# - MAIN ENTRY--PERSONAL NAME | |
| Personal name | Harris, Philip R. |
| 245 10 - TITLE STATEMENT | |
| Title | Managing cultural differences, fifth edition : |
| Remainder of title | leadership strategies for a new world of business / |
| Statement of responsibility, etc. | Philip R. Harris. |
| 250 ## - EDITION STATEMENT | |
| Edition statement | 5th ed. |
| 260 ## - PUBLICATION, DISTRIBUTION, ETC. | |
| Place of publication, distribution, etc. | [S.l.] : |
| Name of publisher, distributor, etc. | Gulf Professional Publishing, |
| Date of publication, distribution, etc. | 2000. |
| 300 ## - PHYSICAL DESCRIPTION | |
| Extent | 402 p. ; |
| Dimensions | 25 cm. |
| 500 ## - GENERAL NOTE | |
| General note | Hardcover. |
| 520 ## - SUMMARY, ETC. | |
| Summary, etc. | Make no mistake. Here is the original, best-selling guide to developing cross-cultural skills, now revised for the new millenium. With more than 100,000 copies in print and adopted by more than 200 Universities worldwide, this classic is praised as a 'bible of multiculturalism' (New York Times News Service) It clearly shows how to develop the cross-cultural expertise essential to succeed in a world of rapid and profound economic, political, and cultural changes. While retaining the wisdom of the previous editions, this new edition provides leading-edge insights into work culture and globalization. In addition to a new chapter on 'Women in Global Business', this fifth edition describes effective cross-cultural strategies and policies that will help you: * capitalize on expanding international markets * improve cross-cultural business communication * master the subtle important art of business protocol * create a successful multicultural management program Easy-to-read mini case histories, illustrations, exhibits, and country profiles supply guidelines to improve leadership skills for globalization, communications, negotiations and strategic alliances, cultural changes, cultural synergy, and diversity in the workplace. 'Managing Cultural Differences' continues to be the premier source of information on the dynamics of culture and business. Professors and trainers will benefit from the reorganized companion Instructor's Guide. |
| 700 1# - ADDED ENTRY--PERSONAL NAME | |
| Personal name | Ph.D., Robert T. Moran. |
| 856 40 - ELECTRONIC LOCATION AND ACCESS | |
| Materials specified | Amazon.com |
| Uniform Resource Identifier | <a href="http://www.amazon.com/exec/obidos/ASIN/0877193452/chopaconline-20">http://www.amazon.com/exec/obidos/ASIN/0877193452/chopaconline-20</a> |
| 856 40 - ELECTRONIC LOCATION AND ACCESS | |
| Materials specified | Amazon customer reviews |
| Uniform Resource Identifier | <a href="http://www.chopac.org/cgi-bin/tools/azrev.pl?q=0877193452">http://www.chopac.org/cgi-bin/tools/azrev.pl?q=0877193452</a> |
| 942 ## - ADDED ENTRY ELEMENTS (KOHA) | |
| Institution code [OBSOLETE] | NBS |
| Koha item type | Book |
| Call number prefix | 658.18 HAR |
| Withdrawn status | Lost status | Damaged status | Not for loan | Permanent Location | Current Location | Date acquired | Total Checkouts | Full call number | Barcode | Date last seen | Date last checked out | Price effective from | Koha item type |
|---|---|---|---|---|---|---|---|---|---|---|---|---|---|
| Central Library (CL) | Central Library (CL) | 08/28/2013 | 1 | 658.18 HAR | NBS4324 | 01/20/2020 | 12/20/2019 | 08/28/2013 | Book |
